MARC

LEADER 00000nam0a2200000 4500
001 253061
005 20231101232816.0
010 |a 5279001716 
035 |a (RuTPU)RU\TPU\book\275442 
090 |a 253061 
100 |a 20140311d1989 k y0rusy50 ca 
101 0 |a rus 
102 |a RU 
105 |a y z 000zy 
200 1 |a Полный хозрасчет и самофинансирование  |f Д. С. Моляков, С. В. Большаков 
210 |a Москва  |c Финансы и статистика  |d 1989 
215 |a 159 с. 
606 1 |a Хозяйственный расчет  |x Экономика  |y Россия  |2 stltpush  |3 (RuTPU)RU\TPU\subj\64382  |9 81282 
606 1 |a Самофинансирование  |2 stltpush  |3 (RuTPU)RU\TPU\subj\36894  |9 58104 
610 1 |a самоокупаемость 
610 1 |a валовый располагаемый доход 
610 1 |a прибыль 
610 1 |a рентабельность 
610 1 |a регулирование 
675 |a 658.155  |v 3 
686 |a У9(2)0-87  |v LBC/SL-A  |2 rubbk 
700 1 |a Моляков  |b Д. С.  |g Дмитрий Степанович 
701 1 |a Большаков  |b С. В.  |g Сергей Викторович 
801 1 |a RU  |b 63413507  |c 20140311 
801 2 |a RU  |b 63413507  |c 20170217  |g RCR 
942 |c BK